京都駅よりも東にある駅 - Statistics

General Stats
  • This quiz has been taken 281 times
  • The average score is 8 of 16
Answers on the Grid
Answers color-coded by a green-red scale on the quiz's grid according to % correct below.
祇園四条
上鳥羽口
西大路御池
大和朝倉
宇治
笠置
島本
醍醐
石清水八幡宮
宝ヶ池
山科
富雄
松井山手
青山町
蚕ノ社
御陵
平群
大和二見
比良
美浜
若狭有田
舞鶴
蹴上
石山寺
私市
尾鷲
三木里
丹波口
周参見
 
Answer Stats
Answer % Correct
山科
83%
御陵
64%
蹴上
64%
尾鷲
64%
祇園四条
61%
宇治
60%
石山寺
60%
醍醐
53%
笠置
48%
青山町
46%
比良
44%
宝ヶ池
42%
大和朝倉
38%
若狭有田
32%
美浜
28%
三木里
19%
No matching quizzes found
Score Distribution
Percent of People with Each Score
Percentile by Number Answered
Your Score History
You have not taken this quiz